ნორმალური ფორმატი
MARC ფორმატი
ჩანაწერი Corporate Name
ჩანაწერთა რაოდენობა, რომელიც გამოყენებულია: 2
001 - CONTROL NUMBER
- control field: 17663
003 - CONTROL NUMBER IDENTIFIER
- control field: GE_BSU
005 - DATE AND TIME OF LATEST TRANSACTION
- control field: 20230418144157.0
008 - FIXED-LENGTH DATA ELEMENTS
- fixed length control field: 230418|| aca||aabn | a|a d
040 ## - CATALOGING SOURCE
- Original cataloging agency: GE_BSU
- Transcribing agency: GE_BSU
110 ## - HEADING--CORPORATE NAME
- Corporate name or jurisdiction name as entry element: საქ. პარლამენტის ეროვნული ბიბლიოთეკა
- Subordinate unit: სამოქალაქო განათლების განყოფილება
670 ## - SOURCE DATA FOUND
- Source citation: Work cat.: (GE_BSU)55594: საქართველოს პირველი რესპუბლიკის კონსტიტუცია (1921) :
